RESEARCH METHODOLOGY FOR HEALTHPROFESSIONALS (Record no. 30923)

MARC details
000 -LEADER
fixed length control field 00413nam a22001697a 4500
003 - CONTROL NUMBER IDENTIFIER
control field SGT
020 ## - INTERNATIONAL STANDARD BOOK NUMBER
International Standard Book Number 9789354654206
082 ## - DEWEY DECIMAL CLASSIFICATION NUMBER
Classification number 610.72
Item number R24G
100 ## - MAIN ENTRY--PERSONAL NAME
Personal name GOYAL, RC.
245 ## - TITLE STATEMENT
Title RESEARCH METHODOLOGY FOR HEALTHPROFESSIONALS
250 ## - EDITION STATEMENT
Edition statement 2ND
260 ## - PUBLICATION, DISTRIBUTION, ETC. (IMPRINT)
Place of publication, distribution, etc INDIA
Name of publisher, distributor, etc JAYPEE PUB
Year of Publication 2024
300 ## - PAGE DESCRIPTION
No. of Pages 426
650 ## - SUBJECT ADDED ENTRY--TOPICAL TERM
Topical term or geographic name as entry element RESEARCH
653 ## - KEYWORDS--INDEX TERM
Keyword term RESEARCH METHODOLOGY FOR HEALTHPROFESSIONALS
942 ## - ADDED ENTRY ELEMENTS (KOHA)
Source of classification or shelving scheme Dewey Decimal Classification
Koha item type Books
Holdings
Withdrawn status Lost status Source of classification or shelving scheme Damaged status Not for loan Collection code Home library Current library Shelving location Date acquired Vendor Name Cost, normal purchase price SGTU Bill Number Total Checkouts Full call number Accession No. (Barcode) Checked out Date last seen Date last borrowed Bill Date Koha item type
    Dewey Decimal Classification     MEDICAL SGT Medical Library SGT Medical Library Reference Book 23/03/2025 ABC DELHI 950.00 SGTU 20801 1 610.72 R24G FM15185 17/06/2026 03/06/2026 03/06/2026 23/03/2025 Books
    Dewey Decimal Classification     MEDICAL SGT Medical Library SGT Medical Library Text Book 23/03/2025 ABC DELHI 950.00 SGTU 20801 1 610.72 R24G FM15186 17/06/2026 03/06/2026 03/06/2026 23/03/2025 Books
    Dewey Decimal Classification   Not For Loan MEDICAL SGT Medical Library SGT Medical Library Text Book 23/03/2025 ABC DELHI 950.00 SGTU 20801   610.72 R24G FM15184   21/04/2025   23/03/2025 Books